000 00884nam a2200301Ia 4500
001 4606
003 IT-RoPAU
008 130308s9999 xx 000 0 und d
040 _aIT-RoPAU
040 _cIT-RoPAU
041 _aITALIANO
100 _aPesce Alberto
100 _gCodice Aut. SPICS: 2682
245 _aStile del film (Lo)
245 _bDiscutere un Film-Orientamenti per Il Dibattito Cinematografico
250 _a1a ed.
260 _aPADOVA
260 _bCineforum Antonianum
260 _c1963 [1° Ed.:1963 - Ed.Ling.Originale:1963]
300 _a"21 p. (prefazione: no ; testo: 21 [pagine: 7-27])"
500 _aBasi Teoriche Autore del Film Composizione Tematico Narrativa Trasposizione Letteraria Ritmo
650 _aEDUCAZIONE AL CINEMA
650 _eCodice materia Spics: 6812
942 _cBK
957 _71
999 _c56109
_d56109
999 _bSI
999 _g1